Geografia - wiedza ogólna #2 - Statystyki

Ogólne statystyki
  • Ten quiz został rozwiązany 1 939 razy
  • Średni wynik to 9 z 17
Statystyki odpowiedzi
Podpowiedź Odpowiedź % Poprawnych
Które miasto słynie z gondoli? Wenecja
92%
Jaka jest największa rzeka na świecie pod względem objętości odprowadzanej wody? Amazonka
88%
Jaki jest najmniejszy kraj pod względem powierzchni i liczby ludności? Watykan
85%
Jakiego hiszpańskiego regionu autonomicznego jest stolicą Barcelona? Katalonia
80%
Jaki jest największy kraj w Afryce pod względem powierzchni lądowej? Algieria
77%
Jaki kraj jest całkowicie otoczony przez RPA? Lesotho
76%
Narodowym ptakiem jakiego kraju jest kiwi? Nowa Zelandia
75%
Jakie słone morze śródlądowe ma wysokość minus 430,5 metra? Morze Martwe
56%
Jakie jest największe rosyjskie miasto nad Pacyfikiem? Władywostok
51%
Jakie terytorium znajduje się mniej więcej w połowie drogi między Irlandią a Wielką Brytanią? Wyspa Man
49%
Jaka jest najwyższa góra w Stanach Zjednoczonych? Denali
46%
Północna część której wyspy znana jest jako Ulster? Irlandia
41%
Jaki kraj leży zaledwie 10 km od francuskiego terytorium Saint-Pierre i Miquelon? Kanada
24%
Jaka jest największa wyspa Kanady? Wyspa Baffina
17%
Jaką stolicę kraju można przetłumaczyć jako "Czerwony bohater"? Ułan Bator
16%
Jaka jest narodowa linia lotnicza Australii? Qantas Airways
15%
Jakie miasto założone przez Brighama Younga w 1847 roku było gospodarzem Zimowych IO? Salt Lake City
15%
Nie znaleziono quizów pasujących do podanych kryteriów
Rozkład punktacji
Procent ludzi z każdym wynikiem
Percentyl według liczby udzielonych odpowiedzi
Twoja historia wyników
Nie rozwiązałeś tego quizu